|
|
|
|
| LEADER |
00767nam a2200181Ia 4500 |
| 001 |
CTU_29722 |
| 008 |
210402s9999 xx 000 0 und d |
| 082 |
|
|
|a 909.07
|
| 082 |
|
|
|b Qu451-t1
|
| 100 |
|
|
|a Lê Vinh Quốc
|
| 245 |
|
0 |
|a Các nhân vật lịch sử trung đại; T1
|
| 245 |
|
0 |
|b Đông Nam á: Gunavarman, Jayavarman 2, Jayavarman 7, Ponhea Yat, Anoratha, Irelanga, Jaya Sinhavarman 4, Chế Bồng Nga, Xệt Tha Thi Lạt, Chậu A Nụ, Tắc Xín
|
| 245 |
|
0 |
|c Lê Vinh Quốc, Hà Bích Liên
|
| 260 |
|
|
|a Hà Nội
|
| 260 |
|
|
|b Giáo Dục
|
| 260 |
|
|
|c 1997
|
| 650 |
|
|
|a history - biography,middle ages - history,southeast asia - history,world history
|
| 980 |
|
|
|a Trung tâm Học liệu Trường Đại học Cần Thơ
|